Sun Belt Football Teams - Statistics

General Stats
  • This quiz has been taken 825 times
    807 since last reset
  • The average score is 10 of 14
Answer Stats
Nickname School % Correct
Ragin' Cajuns Louisiana-Lafayette
93%
Thundering Herd Marshall
84%
Mountaineers Appalachian State
79%
Red Wolves Arkansas State
77%
Chanticleers Coastal Carolina
76%
Trojans Troy
73%
Golden Eagles Southern Miss
71%
Monarchs Old Dominion
68%
Dukes JMU
67%
Warhawks Louisiana-Monroe
67%
Jaguars South Alabama
64%
Eagles Georgia Southern
59%
Bobcats Texas State
59%
Panthers Georgia State
58%
No matching quizzes found
Score Distribution
Percent of People with Each Score
Percentile by Number Answered
Your Score History
You have not taken this quiz since the last reset